Heartland of a continent : (Record no. 587172)
[ view plain ]
| 000 -LEADER | |
|---|---|
| fixed length control field | 01249pam a2200325 a 4500 |
| 001 - CONTROL NUMBER | |
| control field | 3433715 |
| 005 - DATE AND TIME OF LATEST TRANSACTION | |
| control field | 20211207135159.0 |
| 008 - FIXED-LENGTH DATA ELEMENTS--GENERAL INFORMATION | |
| fixed length control field | 910820s1991 dcua 001 0 eng |
| 010 ## - LIBRARY OF CONGRESS CONTROL NUMBER | |
| LC control number | 91033546 |
| 020 ## - INTERNATIONAL STANDARD BOOK NUMBER | |
| International Standard Book Number | 0870448307 |
| 040 ## - CATALOGING SOURCE | |
| Original cataloging agency | DLC |
| Transcribing agency | DLC |
| Modifying agency | DLC |
| 043 ## - GEOGRAPHIC AREA CODE | |
| Geographic area code | n-cnp-- |
| -- | n-usc-- |
| -- | n-usp-- |
| 050 00 - LIBRARY OF CONGRESS CALL NUMBER | |
| Classification number | F595.3 |
| Item number | .F57 1991 |
| 082 00 - DEWEY DECIMAL CLASSIFICATION NUMBER | |
| Classification number | 978.03 |
| Edition number | 20 |
| Author Mark | FIS |
| 100 1# - MAIN ENTRY--PERSONAL NAME | |
| Personal name | Fisher, Ron, |
| Dates associated with a name | 1938- |
| 9 (RLIN) | 85917 |
| 245 10 - TITLE STATEMENT | |
| Title | Heartland of a continent : |
| Remainder of title | America's plains and prairies / |
| Statement of responsibility, etc. | by Ron Fisher ; prepared by the Book Division, National Geographic Society. |
| 260 ## - PUBLICATION, DISTRIBUTION, ETC. | |
| Place of publication, distribution, etc. | Washington, D.C. : |
| Name of publisher, distributor, etc. | The Society, |
| Date of publication, distribution, etc. | c1991. |
| 300 ## - PHYSICAL DESCRIPTION | |
| Extent | 199 p. : |
| Other physical details | col. ill. ; |
| Dimensions | 26 cm. |
| 500 ## - GENERAL NOTE | |
| General note | Includes index. |
| 650 #0 - SUBJECT ADDED ENTRY--TOPICAL TERM | |
| Topical term or geographic name entry element | Plains |
| Geographic subdivision | North America. |
| 9 (RLIN) | 85918 |
| 650 #0 - SUBJECT ADDED ENTRY--TOPICAL TERM | |
| Topical term or geographic name entry element | Prairies |
| Geographic subdivision | North America. |
| 9 (RLIN) | 85919 |
| 651 #0 - SUBJECT ADDED ENTRY--GEOGRAPHIC NAME | |
| Geographic name | West (U.S.) |
| General subdivision | Geography. |
| 9 (RLIN) | 85920 |
| 651 #0 - SUBJECT ADDED ENTRY--GEOGRAPHIC NAME | |
| Geographic name | Middle West |
| General subdivision | Geography. |
| 9 (RLIN) | 85921 |
| 651 #0 - SUBJECT ADDED ENTRY--GEOGRAPHIC NAME | |
| Geographic name | Great Plains |
| General subdivision | Geography. |
| 9 (RLIN) | 85922 |
| 651 #0 - SUBJECT ADDED ENTRY--GEOGRAPHIC NAME | |
| Geographic name | Prairie Provinces |
| General subdivision | Geography. |
| 9 (RLIN) | 85923 |
| 710 2# - ADDED ENTRY--CORPORATE NAME | |
| Corporate name or jurisdiction name as entry element | National Geographic Society (U.S.). |
| Subordinate unit | Book Division. |
| 9 (RLIN) | 85924 |
| 906 ## - LOCAL DATA ELEMENT F, LDF (RLIN) | |
| a | 7 |
| b | cbc |
| c | orignew |
| d | 1 |
| e | ocip |
| f | 19 |
| g | y-gencatlg |
| 942 ## - ADDED ENTRY ELEMENTS (KOHA) | |
| Source of classification or shelving scheme | |
| Koha item type | Book |
| Withdrawn status | Lost status | Source of classification or shelving scheme | Damaged status | Not for loan | Permanent Location | Current Location | Date acquired | Total Checkouts | Full call number | Barcode | Date last seen | Price effective from | Koha item type |
|---|---|---|---|---|---|---|---|---|---|---|---|---|---|
| School of Civil and Environmental Engineering (SCEE) | School of Civil and Environmental Engineering (SCEE) | 12/07/2021 | 978.03 FIS | NIT-13401 | 12/07/2021 | 12/07/2021 | Book |
